| 000 | 00620nam a22002055i 4500 | ||
|---|---|---|---|
| 001 | 177237 | ||
| 003 | ES-MaACL | ||
| 005 | 20230906220302.0 | ||
| 008 | 110309s1990 sp |||| | spa d | ||
| 020 | _a84-87153-18-6 | ||
| 080 | _a821.134.2-14"19" | ||
| 100 | 1 |
_aGalán Berrocal, Antonio. _9145521 |
|
| 245 | 1 | 3 |
_aEl buque fantasma / _cAntonio Galán Berrocal. |
| 260 |
_aAlcalá de Henares : _bFundación Colegio del Rey, _cimp. 1990. |
||
| 300 |
_a112 p. ; _c21 cm. |
||
| 490 | 1 |
_aAlcalá-Poesía ; _v15 |
|
| 830 | 0 |
_aAlcalá-Poesía ; _v15 _9189789 |
|
| 852 |
_aES-MaACL _jE-14646 |
||
| 999 |
_c177237 _d177237 |
||